000 01038cam a2200193 4500
001 X110858
008 000000n2001 000 0 eng u
035 _a(Sirsi) u110858
245 _aRichmond-upon-Thames LBC - SoS Environment and Richmond -upon-Thames Churches Housing Trust
260 _c2001
490 _aJournal of Planning and Environment Law
_v[2001] JPL 84-105(22)
520 _aQBD 28 March 2000. House used as seven flats. Application for certificate that use of the property as a single family dwelling-house would be lawful- material change of use-Town and Country Planning Act 1990 s55(2)(f)- Town and Country Planning Act (Use Classes) Order 1987 - Part C3 to the Schedule to the Use Classes Order
650 _aRICHMOND LBC V SOS ENVIRONMENT AND RICHMOND UPON THAMES CHURCHES HOUSING TRUST
650 _aMATERIAL CHANGE OF USE
650 _aTOWN AND COUNTRY PLANNING ACT 1990 S55(2)(F)
650 _aTOWN AND COUNTRY PLANNING (USE CLASSES) ORDER 1987
690 _aPlanning and development
_96259
942 _n0
999 _c66087
_d66087